| 000 | 01031nas a2200337 4500 | ||
|---|---|---|---|
| 001 | BR8205708 | ||
| 003 | BR-BrBNA | ||
| 005 | 20231205085301.0 | ||
| 007 | ta | ||
| 008 | 230509b bl.|||p| |||| 00| 00por d | ||
| 040 |
_aBR-BrBNA _bpor _cBiblioteca Nacional de Agricultura |
||
| 041 | _a(Pt) | ||
| 072 | _aF60 | ||
| 100 | 1 | _aMalavolta, E. | |
| 100 | 1 | _aPauletto, E.A. | |
| 100 | 1 | _aFreitas, J.R. | |
| 100 | 1 | _aCavalcanti, L.F. | |
| 100 | 1 | _aLiva, M.L. | |
| 100 | 1 | _aFiore, M.F. | |
| 100 | 1 | _aPrimavesi, O. | |
| 100 | 1 | _aFonseca, S.M. | |
| 100 | 1 | _aCabral, C.P. | |
| 245 | 1 | _aEstudos sobre a nutricao mineral do arroz. 17 - Exigencias nutricionais das variedades IAC-164 e IAC-165 | |
| 650 | _aARROZ SEQUEIRO | ||
| 650 | _aNUTRICAO VEGETAL | ||
| 650 | _aVARIEDADE | ||
| 650 | _aEXIGENCIA NUTRICIONAL | ||
| 773 | 0 |
_tAnais da Escola Superior de Agricultura Luiz de Queiroz (Brazil) _xISSN 0071-1276 _g(1982), v. 39(1) p. 411-424 _wBR8205708 |
|
| 909 |
_a202311 _bLúcia _c55 _dLúcia Elande |
||
| 942 |
_2AGRIS _n0 _cANA |
||
| 999 |
_c110470 _d110470 |
||